000 00578nam a2200193 a 4500
001 659
003 CO-ViMGA
008 141112s2004 ck r 000 u spa d
040 _aCO-ViMGA
_bspa
_cCO-ViMGA
082 0 4 _a193 H333c
100 1 _aHegel, George Wilhehm Friedrich
_948492
245 1 0 _aCreer y saber /
_cGeorge Wilhehm Friedrich Hegel
260 _aSantafé de Bogotá :
_bNorma,
_c1994
300 _a194, 99 p
490 _aCara y Cruz
500 _aEncuadernado con A propósito de G.W. Friedrich Hegel y su obra.
650 1 4 _aFILOSOFIA ALEMANA
942 _2ddc
_cBK
999 _c12898
_d12898